000
00506nam a2200169Ia 4500
008
090711s9999 xx 000 0 und d
082
_b
44584
100
_a
देशमुख वसंत गो.
245
_a
सरकारी दिवस
260
_c
1982
300
_a
311
600
_a
देशमुख वसंत गो.
630
_a
सरकारी दिवस
700
_a
देशमुख वसंत गो.
730
_a
सरकारी दिवस
942
_c
BOOK
999
_c
318743
_d
318743